000 00266nam a2200097Ia 4500
001 644459
005 20250826153605.0
008 250824s9999 xx 000 0 und d
245 0 _aBilime Giriş Ses Kontrol Başlıyor
_cChristine Hurst
260 _bTÜBİTAK YAYINLARI
999 _c644459
_d644459